Intézménytörténeti adalékok az 1870 XLII. tc. végrehajtásához /

Elmentve itt :
Bibliográfiai részletek
Szerző: Stipta István
Dokumentumtípus: Cikk
Megjelent: Szegedi Tudományegyetem Állam- és Jogtudományi Kara Szeged 1992
Sorozat:Acta Universitatis Szegediensis : acta juridica et politica 41 No. 1-40
Kulcsszavak:Közigazgatás - megyei - Magyarország - 19. sz., Közigazgatási jog - magyar - 19. sz
Tárgyszavak:
Online Access:http://acta.bibl.u-szeged.hu/6736
LEADER 00907nab a2200217 i 4500
001 acta6736
005 20221006155156.0
008 161015s1992 hu o 0|| hun d
022 |a 0324-6523 
040 |a SZTE Egyetemi Kiadványok Repozitórium  |b hun 
041 |a hun 
100 1 |a Stipta István 
245 1 0 |a Intézménytörténeti adalékok az 1870  |h [elektronikus dokumentum] :  |b XLII. tc. végrehajtásához /  |c  Stipta István 
260 |a Szegedi Tudományegyetem Állam- és Jogtudományi Kara  |b Szeged  |c 1992 
300 |a 481-494 
490 0 |a Acta Universitatis Szegediensis : acta juridica et politica  |v 41 No. 1-40 
650 4 |a Társadalomtudományok 
650 4 |a Jogtudomány 
650 4 |a Politikatudomány 
695 |a Közigazgatás - megyei - Magyarország - 19. sz., Közigazgatási jog - magyar - 19. sz 
856 4 0 |u http://acta.bibl.u-szeged.hu/6736/1/juridpol_041_481-494.pdf  |z Dokumentum-elérés